Catálogo
 En Linea

VII censo nacional de población y vivienda. (Registro nro. 25924)

Detalles MARC
000 -CABECERA
campo de control de longitud fija 01367nam a2200289 a 4500
001 - NÚMERO DE CONTROL
campo de control 000026432
005 - FECHA Y HORA DE LA ÚLTIMA TRANSACCIÓN
campo de control 20250221073755.0
008 - DATOS DE LONGITUD FIJA--INFORMACIÓN GENERAL
campo de control de longitud fija 110317s1997 dr a 000 0 spa d
040 ## - FUENTE DE LA CATALOGACIÓN
Centro catalogador/agencia de origen DO-SdBNP
Lengua de catalogación spa
Centro/agencia transcriptor BNPHU
082 ## - NÚMERO DE LA CLASIFICACIÓN DECIMAL DEWEY
Número de clasificación 304.6097293
Número de documento/Ítem R426s, 1997
110 1# - ENTRADA PRINCIPAL--NOMBRE DE ENTIDAD CORPORATIVA
Nombre de entidad corporativa o nombre de jurisdicción como elemento de entrada República Dominicana.
Unidad subordinada Secretariado Técnico de la Presidencia
-- Oficina Nacional de Estadística
9 (RLIN) 10866
245 10 - MENCIÓN DE TÍTULO
Título VII censo nacional de población y vivienda.
246 10 - FORMA VARIANTE DE TÍTULO
Título propio/Titulo breve Séptimo censo nacional de población y vivienda.
250 ## - MENCIÓN DE EDICIÓN
Mención de edición 2a. ed.
260 ## - PUBLICACIÓN, DISTRIBUCIÓN, ETC.
Lugar de publicación, distribución, etc. Santo Domingo :
Nombre del editor, distribuidor, etc. ONE,
Fecha de publicación, distribución, etc. 1997.
300 ## - DESCRIPCIÓN FÍSICA
Extensión v. :
Otras características físicas il. ;
Dimensiones 28 cm.
500 ## - NOTA GENERAL
Nota general La biblioteca posee v.5 , t.1
500 ## - NOTA GENERAL
Nota general Segunda edición de los resultados totales y definitivos del VII Censo Nacional de Población y Vivienda, referidos a las características demográficas, sociales y económicas de las viviendas de la República Dominicana"--p. [5]
505 0# - NOTA DE CONTENIDO CON FORMATO
Información miscelánea v.5 , t.1.
Título Distrito Nacional, abril 1997
590 ## - NOTA LOCAL (RLIN)
Nota local Inventariado, 2018/VM
650 #4 - PUNTO DE ACCESO ADICIONAL DE MATERIA--TÉRMINO DE MATERIA
Término de materia o nombre geográfico como elemento de entrada Viviendas
Subdivisión geográfica República Dominicana
Subdivisión general Censos
Subdivisión cronológica 1997
9 (RLIN) 53478
650 #4 - PUNTO DE ACCESO ADICIONAL DE MATERIA--TÉRMINO DE MATERIA
Término de materia o nombre geográfico como elemento de entrada Vivienda
Subdivisión general Estadísticas
Subdivisión cronológica 1997
9 (RLIN) 53479
651 #4 - PUNTO DE ACCESO ADICIONAL DE MATERIA--NOMBRE GEOGRÁFICO
Nombre geográfico República Dominicana
Subdivisión general Población
-- Estadísticas
Subdivisión cronológica 1997
9 (RLIN) 36718
651 #4 - PUNTO DE ACCESO ADICIONAL DE MATERIA--NOMBRE GEOGRÁFICO
Nombre geográfico República Dominicana
Subdivisión general Censos
Subdivisión cronológica 1997
9 (RLIN) 36719
710 12 - PUNTO DE ACCESO ADICIONAL--NOMBRE DE ENTIDAD CORPORATIVA
Nombre de entidad corporativa o nombre de jurisdicción como elemento de entrada República Dominicana.
Unidad subordinada Oficina Nacional de Estadística
9 (RLIN) 5775
910 ## - DATOS DE OPCIÓN DEL USUARIO (OCLC)
Datos de opción del usuario Validado. Control de calidad MFF
Existencias
Estado de retiro Estado de pérdida Restricciones de uso No para préstamo Código de colección Localización permanente Ubicación/localización actual Ubicación en estantería Fecha de adquisición Número de inventario Total de préstamos Signatura topográfica completa Código de barras Fecha visto por última vez Precio válido a partir de Tipo de ítem Koha
        Patrimonio Dominicano General General Depósito 17.03.2011 LF1   v.5, t.1, e. 3 26432-30 25.06.2020 25.06.2020 Libro y Folleto Colección Patrimonio Dominicano
      Excluido de préstamo Patrimonio Dominicano Patrimonio Dominicano Patrimonio Dominicano Depósito 17.03.2011 LF1   v.5, t.1 26432-10 25.06.2020 25.06.2020 Libro y Folleto Colección Patrimonio Dominicano
      Excluido de préstamo Patrimonio Dominicano Patrimonio Dominicano Patrimonio Dominicano Depósito 17.03.2011 LF1   v.5, t.1 , e. 2 26432-20 25.06.2020 25.06.2020 Libro y Folleto Colección Patrimonio Dominicano

Con tecnología Koha